Prevod vlastníctva a Viedenský dohovor o medzinárodnej kúpe tovaru z roku 1980: poľutovaniahodný nedostatok jednotnej úpravy?
Potreba jednotnej medzinárodnej právnej úpravy prevodu vlastníctva: dichotómia medzi súhlasom a dodaním tovaru. Hlavné črty zmlúv o medzinárodnom predaji tovaru a realizovateľnosť výlučne zmluvnej úpravy prevodu vlastníctva.
Salvato in:
| Autore principale: | |
|---|---|
| Altri autori: | |
| Natura: | Capitolo di libro |
| Lingua: | slovacco |
| Soggetti: | |
| Tags: |
Nessun Tag, puoi essere il primo ad aggiungerne!!
|
MARC
| LEADER | 00000naa a2200000 4500 | ||
|---|---|---|---|
| 001 | r042671 | ||
| 005 | 20230929120148.6 | ||
| 041 | 0 | |a slo | |
| 044 | |a SK | ||
| 245 | 1 | 0 | |a Prevod vlastníctva a Viedenský dohovor o medzinárodnej kúpe tovaru z roku 1980: poľutovaniahodný nedostatok jednotnej úpravy? |c Marco Torsello ; Preklad. Miriam Somorová |
| 520 | |a Potreba jednotnej medzinárodnej právnej úpravy prevodu vlastníctva: dichotómia medzi súhlasom a dodaním tovaru. Hlavné črty zmlúv o medzinárodnom predaji tovaru a realizovateľnosť výlučne zmluvnej úpravy prevodu vlastníctva. | ||
| 610 | 2 | 0 | |a spolupráca hospodárska medzinárodná |
| 610 | 2 | 0 | |a vlastníctvo |
| 610 | 2 | 0 | |a kúpa |
| 610 | 2 | 0 | |a tovar |
| 610 | 2 | 0 | |a Európska únia |
| 100 | 1 | |a Torsello, Marco | |
| 700 | 1 | |a Somorová, Miriam | |